|
|
|
|
| LEADER |
00714nam a2200193Ia 4500 |
| 001 |
CTU_25137 |
| 008 |
210402s9999 xx 000 0 und d |
| 082 |
|
|
|a 920
|
| 082 |
|
|
|b Kh307/1998
|
| 100 |
|
|
|a Phan Văn Khiết
|
| 245 |
|
0 |
|a Thân thế và sự nghiệp Lưu Hữu Phước
|
| 245 |
|
0 |
|b Luận văn tốt nghiệp Đại học Sư phạm ngành Sử Khóa 20
|
| 245 |
|
0 |
|c Phan Văn Khiết
|
| 260 |
|
|
|a Cần Thơ
|
| 260 |
|
|
|b Trường Đại học Cần Thơ, Khoa Sư phạm, Bộ môn Sử
|
| 260 |
|
|
|c 1998
|
| 650 |
|
|
|a names, personal
|
| 904 |
|
|
|i Nguyễn Quang Điền, 980915
|
| 980 |
|
|
|a Trung tâm Học liệu Trường Đại học Cần Thơ
|